Normal view
MARC view
- Japan Human Relations Association , Grazier, Peter.B
Entry Personal Name
001 - CONTROL NUMBER
- control field: 63164
003 - CONTROL NUMBER IDENTIFIER
- control field: NUST
005 - DATE AND TIME OF LATEST TRANSACTION
- control field: 20210628203054.0
008 - FIXED-LENGTH DATA ELEMENTS
- fixed length control field: 210628|| aca||aabn | a|a d
040 ## - CATALOGING SOURCE
- Original cataloging agency: NUST
- Transcribing agency: NUST
100 ## - HEADING--PERSONAL NAME
- Personal name: Japan Human Relations Association , Grazier, Peter.B
670 ## - SOURCE DATA FOUND
- Source citation: Work cat.: (NUST): Japan Human Relations Association , Grazier, Peter.B, Kaizen teian 1 , developing systems for continuous improvement throgh emoloyee suggestions, 1992
